A Bunch of BS Quiz Stats

 Plays Quiz Updated Oct 15, 2018

Also try: SS Things
Challenge
Share
Tweet
Embed
Score 0/30 Timer 07:00
5 Plays Today
Hint Answer % Correct
Oops! She did it againBritney Spears
86.1%
Diabetics must keep this level in checkBlood sugar
82.9%
Area outside of the driver's field of visionBlind spot
78.2%
He was 'Born to Run' and 'Born in the U.S.A.'Bruce Springsteen
74.4%
Merit badge earnerBoy Scout
73.2%
Ozzy Osbourne's bandBlack Sabbath
73.1%
Oscar-winning movie about the 2008 financial crisis(The) Big Short
70.1%
He played Greg FockerBen Stiller
68.5%
Waterway separating Alaska and RussiaBering Strait
63.1%
Author of 'Dracula'Bram Stoker
62.6%
'Full House' dadBob Saget
61.4%
Prank caller of Moe's TavernBart Simpson
61.4%
In Ireland, people kiss this upside down Blarney Stone
61%
Alternate name for Notorious B.I.G.Biggie Smalls
56.7%
Maryland's largest newspaperBaltimore Sun
50.3%
Hint Answer % Correct
Ferris Bueller teacher (anybody? anybody?)Ben Stein
46.4%
She played Rozalin Focker, Greg's momBarbra Streisand
45.7%
'Twilight' protagonistBella Swan
43.4%
One of the all-time great NFL running backsBarry Sanders
40.6%
Malt shop dessert invented in Latrobe, PABanana split
39.3%
Statistical summary of a baseball gameBox score
39.2%
Host of the 1992 Summer Olympic GamesBarcelona, Spain
37.4%
Where Sherlock Holmes livesBaker Street
37%
New York hockey teamBuffalo Sabres
32.2%
Assets = Liabilities + Equity financial statementBalance sheet
30.2%
Midweek meeting at a church, perhapsBible study
30%
Common ingredient in stir fry Bean sprouts
21.2%
Vampire slayer of film and TVBuffy Summers
18.1%
Label on the back of a car e.g. Dog is my co-pilotBumper sticker
13.9%
Key ingredient in a homemade volcano science projectBaking soda
13.8%

You're not logged in!

Compare scores with friends on all Sporcle quizzes.
OR
Log In

You Might Also Like...

Show Comments

Extras

Top Quizzes Today


Score Distribution

Your Account Isn't Verified!

In order to create a playlist on Sporcle, you need to verify the email address you used during registration. Go to your Sporcle Settings to finish the process.

Report this User

Report this user for behavior that violates our Community Guidelines.

Details: